[Event "DSM WK M 2009"]
[Site "Karlsruhe GER"]
[Date "2009.05.17"]
[Round "4"]
[White "Franzenburg, Maria"]
[Black "Kohm, Vanessa"]
[Result "0-1"]
[Termination "normal"]
[Board "5.1"]
[WhiteElo "1668"]
[BlackElo "1732"]
[WhiteTeam "Max-Planck-Schule Kiel"]
[BlackTeam "Gymnasium Kenzingen"]
[PlyCount "62"]
[WhiteFideId "24667102"]
[BlackFideId "4674472"]
[EventCountry "GER"]
[EventRounds "7"]
[EventType "team-swiss"]
[EventDate "2009.05.15"]

1. e4 c5 2. Nc3 Nc6 3. f4 d6 4. Nf3 g6 5. g3 Bg7 6. Bg2 e6 7. O-O Nge7 8. d3
O-O 9. a3 Rb8 10. Qe1 b5 11. Ne2 a5 12. c3 b4 13. axb4 axb4 14. d4 bxc3 15.
bxc3 Qb6 16. Ba3 Ba6 17. e5 Bxe2 18. Qxe2 cxd4 19. Bxd6 dxc3+ 20. Kh1 Rbc8 21.
Rfb1 Qd8 22. Qc4 Nxe5 23. Qb4 N5c6 24. Bxe7 Nxe7 25. Ne5 Nd5 26. Qd4 Ne7 27.
Qxd8 Rfxd8 28. Rc1 c2 29. Be4 Rd2 30. Kg1 Nf5 31. Bxf5 gxf5 0-1

[Event "DSM WK M 2009"]
[Site "Karlsruhe GER"]
[Date "2009.05.17"]
[Round "4"]
[White "Hüglin, Larissa"]
[Black "Knof, Henrike"]
[Result "0-1"]
[Termination "time forfeit"]
[Board "5.2"]
[WhiteElo "1135"]
[BlackElo "1362"]
[WhiteTeam "Gymnasium Kenzingen"]
[BlackTeam "Max-Planck-Schule Kiel"]
[PlyCount "66"]
[WhiteFideId "12911933"]
[EventCountry "GER"]
[EventRounds "7"]
[EventType "team-swiss"]
[EventDate "2009.05.15"]

1. e4 e5 2. Nf3 Nc6 3. Bc4 Nf6 4. Ng5 d5 5. exd5 Na5 6. Bb5+ c6 7. dxc6 bxc6 8.
Be2 Bc5 9. O-O h6 10. Nf3 e4 11. Ne1 O-O 12. d3 Qb6 13. Nc3 e3 14. Bxe3 Bxe3
15. fxe3 Qxe3+ 16. Kh1 Rd8 17. b4 Nc4 18. Qc1 Qd4 19. Rf4 Qxc3 20. Rxc4 Qe5 21.
Bf3 Bg4 22. Bxg4 Nxg4 23. Rxg4 f5 24. Rc4 Rd6 25. Nf3 Qf6 26. a3 Re8 27. Rb1
Rde6 28. a4 Qe7 29. h3 g5 30. a5 Rg6 31. g4 fxg4 32. Rxg4 Rf8 33. Qf1 h5 0-1

[Event "DSM WK M 2009"]
[Site "Karlsruhe GER"]
[Date "2009.05.17"]
[Round "4"]
[White "Schneckenburger, Johanna"]
[Black "Schulze, Tabea"]
[Result "0-1"]
[Termination "normal"]
[Board "5.3"]
[WhiteElo "822"]
[BlackElo "1036"]
[WhiteTeam "Max-Planck-Schule Kiel"]
[BlackTeam "Gymnasium Kenzingen"]
[PlyCount "116"]
[EventCountry "GER"]
[EventRounds "7"]
[EventType "team-swiss"]
[EventDate "2009.05.15"]

1. e4 e5 2. Nf3 Nc6 3. Bc4 Bc5 4. O-O Nf6 5. d3 h6 6. Nc3 O-O 7. Be3 Nd4 8. Re1
d6 9. h3 Nh7 10. Nd2 Qf6 11. Ne2 Nxe2+ 12. Qxe2 Qg6 13. Qf3 Ng5 14. Bxg5 Qxg5
15. Red1 Bd4 16. c3 Bc5 17. b4 Bb6 18. a4 c5 19. a5 Bc7 20. Nf1 cxb4 21. cxb4
a6 22. Ne3 b5 23. Bd5 Rb8 24. Rac1 Bd8 25. Nf5 Qg6 26. Rc6 Bxf5 27. exf5 Qf6
28. Qh5 Be7 29. Re1 Rbc8 30. Rxa6 Rc3 31. Re3 Rc1+ 32. Kh2 Rc2 33. Rg3 Rxf2 34.
Rg6 Rxf5 35. Qg4 Rg5 36. Rxf6 Rxg4 37. Rf5 Rxb4 38. Ra7 Bf6 39. Rd7 Rd4 40.
Rxd6 Rxd3 41. Bxf7+ Rxf7 42. Rxd3 e4 43. Re3 Be5+ 44. Kh1 Rxf5 45. Re1 Bg3 46.
Rd1 e3 47. Kg1 e2 48. Rb1 e1=Q+ 49. Rxe1 Bxe1 50. g4 Rf6 51. Kg2 Bxa5 52. Kg3
b4 53. Kg2 b3 54. Kg3 b2 55. Kg2 b1=Q 56. Kg3 Qd3+ 57. Kg2 Rc6 58. Kf2 Rc2+ 0-1

[Event "DSM WK M 2009"]
[Site "Karlsruhe GER"]
[Date "2009.05.17"]
[Round "4"]
[White "Zimmermann, Lara"]
[Black "Lentz, Christine"]
[Result "1-0"]
[Termination "normal"]
[Board "5.4"]
[WhiteElo "1006"]
[BlackElo "800"]
[WhiteTeam "Gymnasium Kenzingen"]
[BlackTeam "Max-Planck-Schule Kiel"]
[PlyCount "57"]
[EventCountry "GER"]
[EventRounds "7"]
[EventType "team-swiss"]
[EventDate "2009.05.15"]

1. e4 e5 2. Nf3 Nc6 3. Bc4 Nf6 4. Ng5 Qe7 5. Nxf7 Rg8 6. Nc3 d6 7. h3 Be6 8.
Bxe6 Qxe6 9. Ng5 Qe7 10. d3 h6 11. Nf3 O-O-O 12. O-O a6 13. Be3 Qd7 14. Re1 Be7
15. d4 Rde8 16. d5 Nb4 17. a3 Nbxd5 18. exd5 c6 19. Bb6 Bd8 20. Bxd8 Qxd8 21.
dxc6 bxc6 22. Qd3 Qb6 23. Qxd6 Qxb2 24. Qxc6+ Kd8 25. Rad1+ Ke7 26. Rxe5+ Kf7
27. Rd7+ Nxd7 28. Qxd7+ Kg6 29. Qf5# 1-0

[Event "DSM WK M 2009"]
[Site "Karlsruhe GER"]
[Date "2009.05.17"]
[Round "4"]
[White "Bajorski, Maria Sophie"]
[Black "Rolfs, Rebecca"]
[Result "1-0"]
[Termination "normal"]
[Board "6.1"]
[WhiteElo "1270"]
[BlackElo "1107"]
[WhiteTeam "Marienschule Limburg"]
[BlackTeam "Matthias-Claudius-Gymnasium Hamburg"]
[PlyCount "107"]
[WhiteFideId "24654531"]
[BlackFideId "24658219"]
[EventCountry "GER"]
[EventRounds "7"]
[EventType "team-swiss"]
[EventDate "2009.05.15"]

1. e4 e5 2. Nf3 Nc6 3. Bc4 Bc5 4. c3 d6 5. d4 Bb6 6. Ng5 Nh6 7. O-O exd4 8. Qh5
Ne5 9. Bb3 Qf6 10. h3 dxc3 11. Nxc3 Qg6 12. Qe2 Be6 13. Nd5 Bxd5 14. Bxd5 c6
15. Bb3 f5 16. exf5 Qxf5 17. Qh5+ Qg6 18. Qe2 O-O-O 19. Bc2 Nf5 20. Qe1 Rde8
21. Qd1 Qf6 22. Bxf5+ Qxf5 23. Qxd6 Bc7 24. Qa3 Kb8 25. Be3 Bb6 26. Bxb6 axb6
27. Rad1 Qxg5 28. f4 Qe7 29. Qxe7 Rxe7 30. fxe5 Rxe5 31. Rf7 g6 32. Rdd7 Ka7
33. Rxb7+ Ka6 34. a4 Ka5 35. Ra7+ Kb4 36. Rfb7 Kc5 37. Ra6 Re1+ 38. Kf2 Rhe8
39. Rbxb6 Kc4 40. Rxc6+ Kb3 41. Rcb6+ Ka2 42. b4 R1e2+ 43. Kg3 R8e3+ 44. Kh2
Rb3 45. Rb5 Rbb2 46. Rg5 Ka3 47. b5 Rb4 48. Rg3+ Rb3 49. Rxb3+ Kxb3 50. b6 Re7
51. Kg3 Rb7 52. a5 Kb4 53. Ra7 Rb8 54. b7 1-0

[Event "DSM WK M 2009"]
[Site "Karlsruhe GER"]
[Date "2009.05.17"]
[Round "4"]
[White "Thiebach, Janina"]
[Black "Liez, Franziska"]
[Result "0-1"]
[Termination "normal"]
[Board "6.2"]
[WhiteElo "800"]
[BlackElo "1117"]
[WhiteTeam "Matthias-Claudius-Gymnasium Hamburg"]
[BlackTeam "Marienschule Limburg"]
[PlyCount "98"]
[WhiteFideId "12909360"]
[BlackFideId "1271766"]
[EventCountry "GER"]
[EventRounds "7"]
[EventType "team-swiss"]
[EventDate "2009.05.15"]

1. e4 e5 2. Nf3 Nc6 3. Bc4 Nf6 4. d3 Bc5 5. Nc3 d6 6. Bd2 O-O 7. Bg5 Be6 8.
Bxe6 fxe6 9. Qd2 Qd7 10. h3 d5 11. exd5 exd5 12. O-O-O Bb4 13. a3 Ba5 14. Qe2
Bxc3 15. bxc3 Qd6 16. Kb2 a5 17. Ra1 Nd7 18. Rhe1 Rab8 19. Kc1 b5 20. d4 e4 21.
Nh4 b4 22. cxb4 axb4 23. a4 Nxd4 24. Qe3 Qe5 25. Bf4 Ne2+ 26. Kd2 Nxf4 27. g3
Nxh3 28. Rf1 Nxf2 29. Rxf2 Rxf2+ 30. Qxf2 Qxa1 31. Qa7 Qc3+ 32. Kd1 Qc5 33.
Qxc5 Nxc5 34. g4 Nxa4 35. g5 Kf7 36. Nf5 b3 37. cxb3 Rxb3 38. Kd2 Kg6 39. Ne3
Rd3+ 40. Ke2 Nc3+ 41. Kf2 Kxg5 42. Nxd5 Nxd5 43. Ke2 c5 44. Kf2 c4 45. Ke2 c3
46. Kf2 c2 47. Ke2 c1=Q 48. Kf2 Qc2+ 49. Ke1 Rd1# 0-1

[Event "DSM WK M 2009"]
[Site "Karlsruhe GER"]
[Date "2009.05.17"]
[Round "4"]
[White "Liez, Tatjana"]
[Black "Kiemele, Nicole"]
[Result "0-1"]
[Termination "normal"]
[Board "6.3"]
[WhiteElo "885"]
[BlackElo "796"]
[WhiteTeam "Marienschule Limburg"]
[BlackTeam "Matthias-Claudius-Gymnasium Hamburg"]
[PlyCount "78"]
[WhiteFideId "1271769"]
[EventCountry "GER"]
[EventRounds "7"]
[EventType "team-swiss"]
[EventDate "2009.05.15"]

1. e4 e5 2. Nf3 Nc6 3. Bc4 Nf6 4. d3 d6 5. Nc3 Be6 6. Bb3 d5 7. Bg5 d4 8. Ne2
Bc5 9. c3 O-O 10. Rc1 Qd7 11. cxd4 Bb4+ 12. Bd2 exd4 13. Bxb4 Nxb4 14. Nexd4
Bg4 15. Qd2 Bxf3 16. Nxf3 Nxd3+ 17. Kf1 Nxc1 18. Qxc1 Nxe4 19. Bc2 Rae8 20. h3
Qb5+ 21. Kg1 Qe2 22. Kh2 Qxf2 23. Re1 Qg3+ 24. Kg1 Nf2 25. Rf1 Re2 26. Ne1
Nxh3+ 27. Kh1 Rfe8 28. Bb3 Kh8 29. Qc4 Rxe1 30. Qxf7 Rxf1+ 31. Qxf1 Re1 32.
Qxe1 Qxe1+ 33. Kh2 Nf4 34. a4 Qf2 35. Bd5 Nxd5 36. Kh3 Nf4+ 37. Kg4 g6 38. Kg5
Kg7 39. g4 Nh3# 0-1

[Event "DSM WK M 2009"]
[Site "Karlsruhe GER"]
[Date "2009.05.17"]
[Round "4"]
[White "Hölzer, Jeanette"]
[Black "Heinz, Michelle"]
[Result "1-0"]
[Termination "normal"]
[Board "6.4"]
[WhiteElo "800"]
[BlackElo "800"]
[WhiteTeam "Matthias-Claudius-Gymnasium Hamburg"]
[BlackTeam "Marienschule Limburg"]
[PlyCount "61"]
[WhiteFideId "12917982"]
[BlackFideId "1271782"]
[EventCountry "GER"]
[EventRounds "7"]
[EventType "team-swiss"]
[EventDate "2009.05.15"]

1. e4 e5 2. Nf3 Nc6 3. Bc4 Nf6 4. Ng5 d5 5. exd5 Na5 6. Bb3 Bc5 7. Nc3 Bf5 8.
Ba4+ Nd7 9. d3 h6 10. Nf3 O-O 11. Bxd7 Qxd7 12. Nxe5 Rfe8 13. d4 Bd6 14. f4 Bg4
15. Ne2 Qf5 16. h3 Bxe2 17. Qxe2 f6 18. g4 Qc8 19. Bd2 b6 20. Bc3 Qb7 21. Qe4
Rac8 22. O-O-O c5 23. dxc5 Rxc5 24. Rhe1 Qa6 25. Qg6 Re7 26. h4 fxe5 27. fxe5
Bc7 28. d6 Bxd6 29. exd6 Rf7 30. Re8+ Rf8 31. Qxg7# 1-0

[Event "DSM WK M 2009"]
[Site "Karlsruhe GER"]
[Date "2009.05.17"]
[Round "4"]
[White "Hoffmann, Hanna Dorina"]
[Black "Morawiak, Vivien"]
[Result "1-0"]
[Termination "normal"]
[Board "7.1"]
[WhiteElo "1398"]
[BlackElo "800"]
[WhiteTeam "Mallinckrodt-Gymnasium Dortmund"]
[BlackTeam "Katholische Schule St. Marien Berlin"]
[PlyCount "139"]
[WhiteFideId "12909858"]
[EventCountry "GER"]
[EventRounds "7"]
[EventType "team-swiss"]
[EventDate "2009.05.15"]

1. d4 d5 2. c4 e6 3. Nf3 Nf6 4. Bg5 Be7 5. Nc3 O-O 6. e3 Nc6 7. cxd5 exd5 8.
Bd3 Nb4 9. O-O Nxd3 10. Qxd3 h6 11. Bh4 Nh7 12. Bxe7 Qxe7 13. Nxd5 Qd6 14. Nc3
b6 15. Nb5 Qd7 16. Ne5 Qe7 17. Nc6 Qd7 18. Rac1 a6 19. Na3 Bb7 20. Ne5 Qd6 21.
Rc3 a5 22. Rfc1 Rac8 23. Nb5 Qd8 24. Nxc7 Nf6 25. Nb5 Qd5 26. f3 Qxa2 27. Rxc8
Bxc8 28. Qa3 Qxa3 29. Nxa3 Nd5 30. Kf2 f6 31. Nc6 Bd7 32. e4 Nf4 33. Rc3 Bxc6
34. Rxc6 Nd3+ 35. Ke3 Ne1 36. Kf2 Nd3+ 37. Ke2 Nxb2 38. Rxb6 Na4 39. Ra6 Rb8
40. Rxa5 Rb2+ 41. Kd3 Rb3+ 42. Kc4 Rxa3 43. Kb4 Ra1 44. Rxa4 Rb1+ 45. Kc4 Kf7
46. Kd5 Ke7 47. Ra7+ Ke8 48. Ke6 Rb6+ 49. Kf5 Kd8 50. Rxg7 Rb5+ 51. Kg6 Rg5+
52. Kxf6 Ke8 53. Rxg5 hxg5 54. Kxg5 Kf8 55. d5 Ke7 56. h4 Kd6 57. h5 Ke5 58. h6
Kd4 59. h7 Ke3 60. h8=Q Kf2 61. Qc3 Kxg2 62. Kg4 Kf2 63. f4 Kg2 64. Qg3+ Kf1
65. Qh2 Ke1 66. Kf3 Kd1 67. Ke3 Kc1 68. Kd3 Kb1 69. Kc3 Ka1 70. Qb2# 1-0

[Event "DSM WK M 2009"]
[Site "Karlsruhe GER"]
[Date "2009.05.17"]
[Round "4"]
[White "Danicka, Karolina"]
[Black "Demetrescu, Alice"]
[Result "0-1"]
[Termination "normal"]
[Board "7.2"]
[WhiteElo "800"]
[BlackElo "800"]
[WhiteTeam "Katholische Schule St. Marien Berlin"]
[BlackTeam "Mallinckrodt-Gymnasium Dortmund"]
[PlyCount "106"]
[EventCountry "GER"]
[EventRounds "7"]
[EventType "team-swiss"]
[EventDate "2009.05.15"]

1. e4 Nf6 2. d3 Nc6 3. Nf3 d6 4. Nc3 e5 5. d4 exd4 6. Nxd4 Nxd4 7. Qxd4 c5 8.
Qc4 Be7 9. Bf4 O-O 10. O-O-O Be6 11. Nd5 Ng4 12. Nxe7+ Qxe7 13. Qe2 Qf6 14.
Bxd6 Nxf2 15. Bxf8 Rxf8 16. e5 Qf4+ 17. Qd2 Qxd2+ 18. Rxd2 Nxh1 19. g3 Bxa2 20.
Bg2 Nxg3 21. hxg3 b6 22. b3 c4 23. Kb2 cxb3 24. cxb3 Bxb3 25. Kxb3 f6 26. exf6
Rxf6 27. Ra2 a5 28. Kc4 h5 29. Kb5 g5 30. Ka6 h4 31. g4 Rh6 32. Bh3 Kf7 33.
Rf2+ Ke7 34. Rf5 Rg6 35. Rb5 a4 36. Re5+ Re6 37. Rxe6+ Kxe6 38. Kb5 a3 39. Kb4
a2 40. Kb3 a1=Q 41. Kb4 Qc1 42. Kb5 Qc5+ 43. Ka6 b5 44. Bg2 b4 45. Be4 Qc4+ 46.
Ka5 Qxe4 47. Kb5 Qd4 48. Ka5 b3 49. Kb5 b2 50. Kc6 b1=R 51. Kc7 Rc1+ 52. Kb7
Qb4+ 53. Ka7 Ra1# 0-1

[Event "DSM WK M 2009"]
[Site "Karlsruhe GER"]
[Date "2009.05.17"]
[Round "4"]
[White "Vollmer, Dorothee"]
[Black "v. Chamier, Angelika"]
[Result "0-1"]
[Termination "normal"]
[Board "7.3"]
[WhiteElo "800"]
[BlackElo "800"]
[WhiteTeam "Mallinckrodt-Gymnasium Dortmund"]
[BlackTeam "Katholische Schule St. Marien Berlin"]
[PlyCount "64"]
[EventCountry "GER"]
[EventRounds "7"]
[EventType "team-swiss"]
[EventDate "2009.05.15"]

1. e4 e5 2. Nf3 Bc5 3. d3 d6 4. Be2 Nf6 5. O-O O-O 6. Bg5 Bg4 7. h3 Bh5 8. Bxf6
Qxf6 9. Qd2 Bxf3 10. Bxf3 Nd7 11. Be2 Nb6 12. Nc3 c6 13. a3 d5 14. b4 Bd6 15.
g3 Nc8 16. exd5 cxd5 17. Nxd5 Qe6 18. c4 Ne7 19. Bf3 b5 20. Kh2 Nf5 21. a4 Nxg3
22. fxg3 e4 23. dxe4 Qe5 24. Rac1 bxc4 25. Rxc4 a5 26. Nb6 Ra6 27. Nd7 Qe6 28.
Nxf8 Kxf8 29. Rd1 Qe5 30. Rc8+ Ke7 31. Qd4 Qxg3+ 32. Kh1 Qh2# 0-1

[Event "DSM WK M 2009"]
[Site "Karlsruhe GER"]
[Date "2009.05.17"]
[Round "4"]
[White "v. Chamier, Jessica"]
[Black "Nguyen, Michelle"]
[Result "0-1"]
[Termination "normal"]
[Board "7.4"]
[WhiteElo "800"]
[BlackElo "800"]
[WhiteTeam "Katholische Schule St. Marien Berlin"]
[BlackTeam "Mallinckrodt-Gymnasium Dortmund"]
[PlyCount "86"]
[EventCountry "GER"]
[EventRounds "7"]
[EventType "team-swiss"]
[EventDate "2009.05.15"]

1. e4 e5 2. Bc4 Nc6 3. Nf3 Nf6 4. Nc3 Bb4 5. d3 d6 6. a3 Bxc3+ 7. bxc3 O-O 8.
O-O Re8 9. Bg5 h6 10. Bh4 Bg4 11. h3 Be6 12. Bb5 a6 13. Ba4 b5 14. Bb3 Na5 15.
Nd2 d5 16. c4 dxc4 17. dxc4 bxc4 18. Nxc4 Nxc4 19. Ba4 Nb2 20. Qf3 Nxa4 21.
Rad1 Qe7 22. g4 Nb2 23. Rb1 Nc4 24. Rbd1 Rad8 25. Rde1 Nd2 26. Qg3 Nxf1 27.
Rxf1 Bc4 28. Re1 Qc5 29. g5 hxg5 30. Bxg5 Re6 31. Kg2 Rd2 32. Bxd2 Qd4 33. Be3
Nxe4 34. Qh4 Rg6+ 35. Kf3 Nd2+ 36. Bxd2 Qxd2 37. Rb1 Bd5+ 38. Qe4 Qc3+ 39. Ke2
Bxe4 40. Rb3 Qxc2+ 41. Ke3 Qxb3+ 42. Kd2 Qd3+ 43. Ke1 Rg1# 0-1

[Event "DSM WK M 2009"]
[Site "Karlsruhe GER"]
[Date "2009.05.17"]
[Round "4"]
[White "Wendt, Anne"]
[Black "Reyher, Susan"]
[Result "0-1"]
[Termination "time forfeit"]
[Board "8.1"]
[WhiteElo "800"]
[BlackElo "972"]
[WhiteTeam "Albert-Einstein-Gymnasium Neubrandenburg"]
[BlackTeam "Grundschule Pestalozzi Leegebruch"]
[PlyCount "80"]
[BlackFideId "24686107"]
[EventCountry "GER"]
[EventRounds "7"]
[EventType "team-swiss"]
[EventDate "2009.05.15"]

1. e4 e5 2. Bc4 Nf6 3. d3 Bc5 4. Be3 d6 5. Nc3 Nc6 6. Nd5 Nxd5 7. Bxd5 Bd7 8.
Qf3 Qe7 9. Nh3 O-O-O 10. O-O Qf6 11. Bg5 Qxf3 12. gxf3 f6 13. Be3 Bxh3 14. Rfd1
g5 15. a3 g4 16. Be6+ Kb8 17. b4 Bxe3 18. fxe3 Rde8 19. Bf7 Re7 20. Bd5 Rg7 21.
f4 g3 22. Kh1 gxh2 23. Kxh2 Bd7 24. f5 Re8 25. Rg1 Ree7 26. b5 Na5 27. Rab1 Rg5
28. d4 Reg7 29. Rxg5 Rxg5 30. c4 exd4 31. exd4 h5 32. c5 dxc5 33. dxc5 h4 34.
c6 Be8 35. cxb7 Nxb7 36. b6 c6 37. bxa7+ Kxa7 38. Be6 Rg3 39. Bc8 Rxa3 40.
Rxb7+ Ka6 0-1

[Event "DSM WK M 2009"]
[Site "Karlsruhe GER"]
[Date "2009.05.17"]
[Round "4"]
[White "Wolff, Marie Antoinette"]
[Black "Zibell, Christine"]
[Result "0-1"]
[Termination "normal"]
[Board "8.2"]
[WhiteElo "708"]
[BlackElo "794"]
[WhiteTeam "Grundschule Pestalozzi Leegebruch"]
[BlackTeam "Albert-Einstein-Gymnasium Neubrandenburg"]
[PlyCount "94"]
[WhiteFideId "12908258"]
[EventCountry "GER"]
[EventRounds "7"]
[EventType "team-swiss"]
[EventDate "2009.05.15"]

1. f4 e6 2. d4 d5 3. Nf3 Nf6 4. e3 Bd6 5. Bd3 Nc6 6. O-O O-O 7. Be2 Ne4 8. Qd3
Nb4 9. Qd1 c5 10. Bb5 Bd7 11. Bxd7 Qxd7 12. Nc3 Nf6 13. Ne2 Rac8 14. Ng3 Rfe8
15. Ng5 h6 16. Nh5 Nxh5 17. Qxh5 Rf8 18. Rf3 Be7 19. Rh3 cxd4 20. exd4 Rxc2 21.
Be3 Nd3 22. f5 exf5 23. Ne4 fxe4 24. Bxh6 Rfc8 25. Be3 f5 26. Rg3 Qe6 27. Rg6
Qf7 28. h3 f4 29. Bxf4 Qxf4 30. Rf1 Qe3+ 31. Kh1 Rc1 32. Qh6 Rxf1+ 33. Kh2 Qg1+
34. Kg3 Qxg2+ 35. Kxg2 Nf4+ 36. Qxf4 Rxf4 37. Kg3 Rcf8 38. h4 Bxh4+ 39. Kh3 Be7
40. a4 R8f5 41. Kg3 Bh4+ 42. Kh3 Bf6 43. Kg3 Rh4 44. b3 e3 45. Kg2 e2 46. Rg3
e1=Q 47. Rg6 Qf2# 0-1

[Event "DSM WK M 2009"]
[Site "Karlsruhe GER"]
[Date "2009.05.17"]
[Round "4"]
[White "Parchmann, Wiebke"]
[Black "Sauer, Annika"]
[Result "0-1"]
[Termination "normal"]
[Board "8.3"]
[WhiteElo "800"]
[BlackElo "722"]
[WhiteTeam "Albert-Einstein-Gymnasium Neubrandenburg"]
[BlackTeam "Grundschule Pestalozzi Leegebruch"]
[PlyCount "54"]
[BlackFideId "12952052"]
[EventCountry "GER"]
[EventRounds "7"]
[EventType "team-swiss"]
[EventDate "2009.05.15"]

1. e4 e5 2. Nf3 Nc6 3. Bc4 Nf6 4. Nc3 Bc5 5. d3 d6 6. Bg5 Bd7 7. O-O Qe7 8. Qd2
O-O-O 9. Nb5 h6 10. Bh4 Rde8 11. Nxa7+ Nxa7 12. Qa5 Be6 13. Bb5 Nxb5 14. Qxb5
d5 15. Rad1 dxe4 16. dxe4 Rd8 17. Qa5 Rxd1 18. Rxd1 c6 19. Bg3 Ng4 20. Nxe5
Bxf2+ 21. Bxf2 Nxf2 22. Kxf2 Qf6+ 23. Kg1 Qg5 24. b4 Qe3+ 25. Kh1 Qxe4 26. a4
Bd5 27. Nxf7 Qxg2# 0-1

[Event "DSM WK M 2009"]
[Site "Karlsruhe GER"]
[Date "2009.05.17"]
[Round "4"]
[White "Allonge, Mandy"]
[Black "Gold, Lisa"]
[Result "0-1"]
[Termination "normal"]
[Board "8.4"]
[WhiteElo "800"]
[BlackElo "800"]
[WhiteTeam "Grundschule Pestalozzi Leegebruch"]
[BlackTeam "Albert-Einstein-Gymnasium Neubrandenburg"]
[PlyCount "72"]
[EventCountry "GER"]
[EventRounds "7"]
[EventType "team-swiss"]
[EventDate "2009.05.15"]

1. e4 e5 2. Bc4 Nf6 3. Nc3 Nc6 4. Nf3 Bc5 5. O-O d6 6. d3 Bg4 7. Bg5 Qd7 8. a3
O-O-O 9. b4 h6 10. Bd2 Bb6 11. b5 Nd4 12. Nxd4 Bxd1 13. Rfxd1 exd4 14. Ne2 d5
15. e5 dxc4 16. dxc4 Ne4 17. Bb4 a5 18. Be1 Qe6 19. c5 Bxc5 20. c3 Qxe5 21.
cxd4 Bxd4 22. Rac1 Kb8 23. Bxa5 Rd7 24. Rc2 b6 25. Bb4 Rhd8 26. a4 Qf5 27. Nxd4
Rxd4 28. Rf1 Rd1 29. h3 Ng3 30. Rc1 Nxf1 31. Rxd1 Rxd1 32. a5 Ne3+ 33. Kh2 Ng4+
34. Kg3 g5 35. hxg4 Qf4+ 36. Kh3 Rh1# 0-1

[Event "DSM WK M 2009"]
[Site "Karlsruhe GER"]
[Date "2009.05.17"]
[Round "4"]
[White "Schweiger, Yasmin"]
[Black "Schütt, Sinja"]
[Result "1-0"]
[Termination "normal"]
[Board "9.2"]
[WhiteElo "804"]
[BlackElo "800"]
[WhiteTeam "Gymnasium Neureut"]
[BlackTeam "Trave-Gymnasium Lübeck"]
[PlyCount "83"]
[EventCountry "GER"]
[EventRounds "7"]
[EventType "team-swiss"]
[EventDate "2009.05.15"]

1. d4 d5 2. c4 Nf6 3. Nc3 e6 4. Bg5 Be7 5. e3 O-O 6. Nf3 Nc6 7. Be2 Nb4 8. O-O
Ng4 9. Bxe7 Qxe7 10. a3 Qd6 11. axb4 dxc4 12. Bxc4 b6 13. Be2 Bb7 14. g3 Qxb4
15. Rb1 f5 16. Re1 c5 17. Qd2 b5 18. Red1 Rae8 19. Ne5 Nf6 20. Bxb5 Ne4 21. Qc2
Rf6 22. Bxe8 Kf8 23. Bc6 Ba6 24. Nd7+ Kf7 25. Nxf6 Nxf6 26. d5 e5 27. Qxf5 g6
28. Qxe5 h5 29. Qc7+ Kf8 30. d6 Qb6 31. Qe7+ Kg8 32. d7 Qxc6 33. d8=Q+ Ne8 34.
Rd6 Bb7 35. Rxc6 Bxc6 36. Qe6+ Kh7 37. Qxc6 Ng7 38. Qcc7 Kh6 39. Qh8+ Kg5 40.
Qhxg7 h4 41. Qf4+ Kh5 42. g4# 1-0

[Event "DSM WK M 2009"]
[Site "Karlsruhe GER"]
[Date "2009.05.17"]
[Round "4"]
[White "Teege, Laura"]
[Black "Rottler, Corinna"]
[Result "0-1"]
[Termination "normal"]
[Board "9.3"]
[WhiteElo "800"]
[BlackElo "800"]
[WhiteTeam "Trave-Gymnasium Lübeck"]
[BlackTeam "Gymnasium Neureut"]
[PlyCount "114"]
[EventCountry "GER"]
[EventRounds "7"]
[EventType "team-swiss"]
[EventDate "2009.05.15"]

1. e4 e5 2. Nf3 Nc6 3. Bc4 Bc5 4. O-O Nf6 5. Nc3 O-O 6. d3 h6 7. Nd5 d6 8. h3
Nxd5 9. Bxd5 Nd4 10. c3 Ne6 11. b4 Bb6 12. d4 c6 13. Bb3 a5 14. a3 axb4 15. Qd2
bxc3 16. Qd3 exd4 17. a4 c5 18. e5 Bc7 19. Nh4 Qxh4 20. Bc2 g6 21. Kh2 b5 22.
g3 Qe7 23. Bxh6 Re8 24. Rg1 Bb7 25. g4 Ng5 26. Rg3 c4 27. Qxd4 dxe5 28. Qe3 Bd8
29. h4 Nh7 30. h5 e4 31. Qd4 f6 32. hxg6 Ng5 33. Re3 Nf3+ 34. Rxf3 exf3 35. g7
Qe5+ 36. Qxe5 Rxe5 37. Kg3 Bc7 38. Kh4 Re2 39. Bf5 Kf7 40. Rd1 Rd8 41. Rc1 c2
42. Rf1 Be4 43. Bxe4 Rxe4 44. Kh5 Bf4 45. Rg1 c1=Q 46. Rxc1 Bxc1 47. axb5 Bxh6
48. Kxh6 Kg8 49. b6 Rb8 50. Kg6 Rxb6 51. Kh6 Rb7 52. Kg6 Rxg7+ 53. Kxf6 Rf7+
54. Kg5 Rff4 55. Kh4 Rxg4+ 56. Kh3 Rg7 57. Kh2 Rh4# 0-1

[Event "DSM WK M 2009"]
[Site "Karlsruhe GER"]
[Date "2009.05.17"]
[Round "4"]
[White "Schweiger, Lauralie"]
[Black "Eifert, Pia"]
[Result "1-0"]
[Termination "normal"]
[Board "9.4"]
[WhiteElo "964"]
[BlackElo "800"]
[WhiteTeam "Gymnasium Neureut"]
[BlackTeam "Trave-Gymnasium Lübeck"]
[PlyCount "61"]
[EventCountry "GER"]
[EventRounds "7"]
[EventType "team-swiss"]
[EventDate "2009.05.15"]

1. d4 d5 2. c4 c6 3. Nc3 e6 4. Nf3 Bb4 5. Bd2 Nf6 6. e3 e5 7. dxe5 Ne4 8. Be2
c5 9. cxd5 Nxd2 10. Qxd2 O-O 11. O-O Ba5 12. Qc2 Re8 13. Bb5 a6 14. Bxe8 Qxe8
15. d6 Nc6 16. Nd5 Rb8 17. Qxc5 Bd8 18. Nc7 b6 19. Qa3 Qd7 20. Nxa6 Ra8 21.
Rfc1 Rxa6 22. Qc3 Bb7 23. b4 Ra4 24. b5 Nb4 25. Nd4 Qc7 26. dxc7 Nxa2 27. Qb3
Bxc7 28. Qxa4 Nxc1 29. Qa8+ Bxa8 30. Rxa8+ Bd8 31. Rxd8# 1-0